Current Events - Feb 5 - Statistics

General Stats
  • This quiz has been taken 30 times
  • The average score is 4 of 35
Answer Stats
Hint Answer % Correct
What country are Meghan Markle and Prince Harry planning to spend Valentine's Day? Canada
47%
Who performed their hit song "Fast Car" at the grammys? Tracy Chapman
40%
What kind of animal predicts the weather in Texas instead of a groundhog? Armadillo
33%
What actor is recovering from a brutal snow plow accident? Jeremy Renner
33%
What singer performed their hit single "Vampire" at the Grammys? Olivia Rodrigo
33%
What is the name of Taylor Swifts new album? The Tortured Poets Department
33%
How many AOTY has Taylor Swift won? 4
27%
What Denmark city held its yearly Light Festival? Copenhagen
27%
Who performed with her? Luke Combs
27%
Who won the El Savadorian presidential election? Nayib Bukele
20%
What rapper was arrested at the Grammys? Killer Mike
13%
Where is the 2026 World Cup going to be held? New Jersey
13%
Who hosted the Grammys? Trevor Noah
13%
What is it's name? Bee Cave Bob
7%
Where was a 67 year old man & 3 others including a toddler killed in a fire? Brooklyn, New York
7%
What NBA star for the Detroit Pistons died at 66? Earl Cureton
7%
What governor of Texas wants to expand the razor wire on the border? Gregg Abbott
7%
Which chairman of Samsung was found not guilty of stock manipulation? Jay Y. Lee
7%
What musical legend performed at the Grammys? Joni Mitchell
7%
What ex of Bob Saget is now dating Breckin Meyer? Kelly Rizzo
7%
What team is signing Detroit Tigers Jose Cisnero? LA Angels
7%
In what stadium? MetLife
7%
What country were 10 police officers attacked in? Pakistan
7%
What is the podcast called? Roommates
7%
What two countries just signed a defence agreement? Saudi Arabia, South Korea
7%
What Japanese company has created an Alzheimer's drug? Eisei
0%
Who is the president of Chile? Gabriel Boric
0%
What two New York Knicks players announced a podcast together? Jalen Brunson, Josh Hart
0%
What lake did a Russian emergency helicopter crash into? Karelia Lake
0%
Who was hired as the Washington Commander's offensive coordinator? Kliff Kingsbury
0%
What governor of South Dakota has been banished from tribal lands? Kristi Noem
0%
What is it called? Leqembi
0%
Who is the acting president of Namibia? Nangolo Mbumba
0%
What NFL star from the New York Jets died at 82? Richard Caster
0%
What song did Billy Joel perform at the Grammys? Turn the Lights Back On
0%
No matching quizzes found
Score Distribution
Percent of People with Each Score
Percentile by Number Answered
Your Score History
You have not taken this quiz